Biotechnologie / (Record no. 13726)

000 -LEADER
fixed length control field 00442nam a2200169 a 4500
020 ## - INTERNATIONAL STANDARD BOOK NUMBER
ISBN 2852062232
040 ## - CATALOGING SOURCE
Transcribing agency DLC
082 ## - DEWEY DECIMAL CLASSIFICATION NUMBER
Classification number 660 TEC 1984 A046 Or.
245 00 - TITLE STATEMENT
Title Biotechnologie /
250 ## - EDITION STATEMENT
Edition statement 2ème éd. rev. et augm.
260 ## - PUBLICATION, DISTRIBUTION, ETC. (IMPRINT)
Place of publication Paris :
Name of publisher Technique & documentation-Lavoisier,
Year of publication 1984.
300 ## - PHYSICAL DESCRIPTION
Number of Pages xxv, 662 p. :
Other physical details ill. ;
Dimensions 25 cm.
650 #0 - SUBJECT ADDED ENTRY--TOPICAL TERM
Topical Term Biotechnology.
700 1# - ADDED ENTRY--PERSONAL NAME
Personal name Arnaud, Alain.
700 1# - ADDED ENTRY--PERSONAL NAME
Personal name Scriban, René.
942 ## - ADDED ENTRY ELEMENTS (KOHA)
Koha item type សៀវភៅភាសាអង់គ្លេស
952 ## - LOCATION AND ITEM INFORMATION (KOHA)
Withdrawn status [LOCAL, KOHA] 0
Holdings
Permanent Location Date acquired Koha item type Lost status Shelving location Barcode Current Location Full call number
Library Block A2017-08-30សៀវភៅភាសាអង់គ្លេស A046A19460Library Block A660 TEC 1984 A046 Or.
មជ្ឈមណ្ឌលឯការនៃសាកលវិទ្យាល័យភូមិន្ទកសិកម្មចំការដូង

Powered by Koha